000
00268nam a2200133Ia 4500
100
_a
Vaze/ H.V.
942
_c
BK
654
_a
Kasli Welder
245
_a
Kasli Welder
260
_b
Tech. Science.
_a
Pune
_c
1969
082
_a
671.52
546
_a
ENGLISH
999
_c
25525
_d
25525